000 00858nas a2200277 4500
001 BR0807706
003 BR-BrBNA
005 20231205112718.0
007 ta
008 230509b bl.|||p| |||| 00| 00por d
040 _aBR-BrBNA
_bpor
_cBiblioteca Nacional de Agricultura
041 _a(En)
072 _aF60
100 1 _aScavroni, J.
100 1 _aBoaro, C.S.F.
100 1 _aMarques, M.O.M.
100 1 _aFerreira, L.C.
245 1 _aYield and composition of the essential oil of Mentha piperita L. (Lamiaceae)grown with biosolid
650 _aMENTA
650 _aBIOLOGIA VEGETAL
650 _aÓLEO
773 0 _tBrazilian Journal of Plant Physiology (Brazil)
_xISSN 1677-0420
_g(Oct-Dec 2005), v. 17(4) p. 345-352
_wBR0807706
856 4 0 _dLink DSPACE/MAPA BR0807706
909 _a202311
_bLúcia
_c55
_dLúcia Elande
942 _2AGRIS
_n0
_cANA
999 _c199524
_d199524